| 000 | 01684nam a22002897a 4500 | ||
|---|---|---|---|
| 005 | 20080529114618.0 | ||
| 008 | 080529t xxu||||| |||| 00| 0beng d | ||
| 010 | _aB-261864-869 | ||
| 020 |
_a8181050169 _c150.00 |
||
| 035 | _aB-261864-869 | ||
| 037 |
_a400 dt. 28.4.08 _bGaurav Prakash/28.4.08/10/8.4.08/19.5.08/150.00/ |
||
| 040 |
_aDPL _bEN |
||
| 082 | _a921 | ||
| 100 | _aPrashar, Sandeep | ||
| 245 |
_aJagdish Chandra Bose / _cby Sandeep Prashar: illustrated by Shankar Nayak |
||
| 260 |
_aDelhi _bGaurav Prakashan _c2007 |
||
| 300 |
_a111p. : _bill. _c23 cm (Hb) |
||
| 700 | _aNayak, Shankar | ||
| 942 |
_2ddc _cCH _h921 _mBOS |
||
| 999 |
_c13096 _d13096 |
||